| 000 | 00617nam a22001937a 4500 | ||
|---|---|---|---|
| 003 | SISC | ||
| 005 | 20160301084321.0 | ||
| 008 | 140111b xxu||||| |||| 00| 0 eng d | ||
| 020 | _a9781573225649 | ||
| 050 |
_aQ 182.3 _b.Sh48 1995 |
||
| 100 |
_aSheldrake, Rupert _930541 |
||
| 245 |
_aSeven experiment that could change the world : _bA Do-it Yourself Guide to Revolutionary Science / |
||
| 260 |
_aUnited States : _bRiverHead Books, _c1995. |
||
| 300 |
_a288 p. : _bill. ; _c24 cm. |
||
| 500 | _aIncludes bibliographical referrence and index | ||
| 651 | _2science - experiment | ||
| 942 |
_2lcc _cBK |
||
| 999 |
_c39814 _d39814 |
||